000 00514nam a2200169 a 4500
001 000028931
005 20200930055226.0
008 110412s1982 dr a 000 j spa d
040 _aDO-SdBNP
_bspa
_cBNPHU
082 _axxx
_bH557d
100 1 _aHernández Montalvo, Elbita
_d1926-
_955882
245 1 0 _aLa ninfa del lago Enriquillo /
_cElbita Hernández Montalvo.
260 _aSanto Domingo :
_bGemy Artes Gráficas,
_c1982.
300 _a16 p. :
_bil. ;
_c17 cm.
500 _aLas dos esperanzas
049 _aBNPD
999 _c28423
_d28423